000
00350nam a2200145Ia 4500
008
240830s1993 xx 000 0 und d
041
_a
eng
082
_a
0 DAW
100
_a
DAWN C.S.
245
_a
TEXT BOOK OF OBSTERICS AND NEONATOLOGY
260
_b
DAWN BOOKS CALCUTTA
_c
1993
650
_a
STRI-ROG
906
_a
N.D.
999
_c
1194801
_d
1194801